000
00310nam a22001337a 4500
008
180903b xxu||||| |||| 00| 0 eng d
020
_a
0891188177
041
_a
eng
080
_a
541
100
_a
12
101
_a
KIM
245
_a
Chemical Equilibrium and Reaction Models
_c
Loeppert, R.H
942
_2
udc
_c
BK
999
_c
47489
_d
47489